000 00436nam a2200181Ia 4500
005 20250326141647.0
008 250326s9999 xx 000 0 und d
037 _aTextbook
040 _aFMSL
_beng
_cFMSL
041 _aeng
_2eng
084 _qFMSL
100 _aRBI
_9242664
245 0 _aReserve Bank of India Annual Report
_cRBI
260 _aRBI
_bRBI
_c1989
300 _a305p
942 _cTB
999 _c1291364
_d1291364